[Event "Torquay op 52nd"]
[Site "Torquay"]
[Date "2018.11.09"]
[Round "1"]
[White "De Coverly, Roger D"]
[Black "Mackle, Dominic"]
[Result "0-1"]
[WhiteElo "1946"]
[BlackElo "2150"]
[PlyCount "120"]
[EventDate "2018.11.09"]
[EventType "swiss"]
[EventRounds "5"]
[EventCountry "ENG"]
[SourceTitle "EXT 2021"]
[Source "ChessBase"]
[SourceDate "2020.10.23"]
[SourceVersion "1"]
[SourceVersionDate "2020.10.23"]
[SourceQuality "1"]

1. e4 c5 2. Nf3 d6 3. d4 cxd4 4. Nxd4 Nf6 5. Nc3 g6 6. Be3 a6 7. h3 b5 8. Be2 Bb7 9. Bf3 Nbd7 10. 0-0 Bg7 11. a4 b4 12. Nd5 0-0 13. Rb1 Ne5 14. Re1 Nxf3+ 15. Nxf3 Bxd5 16. exd5 Qa5 17. Bg5 Rfe8 18. Bxf6 Bxf6 19. b3 Rac8 20. Re2 Kg7 21. Rd2 Bc3 22. Rd3 Rc5 23. Qe2 Qc7 24. Rbd1 a5 25. Re3 Bf6 26. Ne1 Qb7 27. Red3 Rec8 28. Qe4 Rc3 29. h4 h5 30. g3 R3c5 31. Qf3 R8c7 32. g4 hxg4 33. Qxg4 Qc8 34. Rg3 Rc3 35. h5 g5 36. Qe4 Rxg3+ 37. fxg3 Qh3 38. g4 Be5 39. Qg2 Qe3+ 40. Qf2 Qe4 41. Qg2 Qf4 42. Kh1 f5 43. Nd3 Qxg4 44. Qxg4 fxg4 45. Nxe5 dxe5 46. Re1 Kh6 47. Rxe5 Kxh5 48. Re2 Kg6 49. Kg2 Kf5 50. Kg3 Rc3+ 51. Kg2 Kf4 52. Rf2+ Ke5 53. Re2+ Kxd5 54. Rxe7 Rxc2+ 55. Kg1 Kd4 56. Rd7+ Kc3 57. Rd5 Kxb3 58. Rxa5 Ka2 59. Rb5 b3 60. a5 b2 0-1

[Event "BCF-chT2c 1314 (4NCL)"]
[Site "England"]
[Date "2014.05.04"]
[Round "10.13"]
[White "Pitcher, John"]
[Black "Mackle, Dominic"]
[Result "0-1"]
[WhiteElo "2252"]
[BlackElo "2260"]
[PlyCount "68"]
[EventDate "2013.11.16"]
[EventType "team-tourn"]
[EventRounds "11"]
[EventCountry "ENG"]
[SourceTitle "EXT 2015"]
[Source "ChessBase"]
[SourceDate "2014.11.20"]
[SourceVersion "1"]
[SourceVersionDate "2014.11.20"]
[SourceQuality "1"]
[WhiteTeam "Warwicks Select"]
[BlackTeam "Hackney"]
[WhiteTeamCountry "ENG"]
[BlackTeamCountry "ENG"]

1. e4 e6 2. d4 d5 3. e5 c5 4. c3 Nc6 5. Nf3 Qb6 6. Be2 Nh6 7. b3 cxd4 8. cxd4 Nf5 9. Bb2 Bb4+ 10. Kf1 Be7 11. Nc3 0-0 12. Rc1 f6 13. Na4 Qd8 14. a3 fxe5 15. dxe5 Bd7 16. Kg1 Be8 17. h3 Rc8 18. Kh2 Nh4 19. Nxh4 Bxh4 20. Bg4 Qe7 21. b4 a6 22. Nc5 Nd8 23. f4 Rxf4 24. Nd3 Rxc1 25. Bxc1 Rf8 26. Be3 Qc7 27. g3 Be7 28. Re1 Bg6 29. Nf4 Bf5 30. Bf3 g5 31. Nh5 Bc2 32. Qd2 Rxf3 33. Bxg5 Be4 34. Rc1 Qb6 0-1

[Event "GBR-ch 100th"]
[Site "Torquay"]
[Date "2013.08.09"]
[Round "11"]
[White "Ward, Christopher"]
[Black "Mackle, Dominic"]
[Result "1-0"]
[WhiteElo "2432"]
[BlackElo "2216"]
[PlyCount "95"]
[EventDate "2013.07.29"]
[EventType "swiss"]
[EventRounds "11"]
[EventCountry "ENG"]
[SourceTitle "CBM 155 Extra"]
[Source "ChessBase"]
[SourceDate "2013.08.26"]
[SourceVersion "1"]
[SourceVersionDate "2013.08.26"]
[SourceQuality "1"]

1. d4 d5 2. Nf3 Nf6 3. c4 c6 4. Nc3 a6 5. c5 Nbd7 6. Bf4 Nh5 7. Bg5 h6 8. Bd2 g6 9. e4 dxe4 10. Nxe4 Bg7 11. Bc4 Nhf6 12. Nc3 b5 13. cxb6 Nxb6 14. Bb3 Nfd5 15. Ne5 Be6 16. 0-0 Qd6 17. Ne4 Qc7 18. Rc1 Bxe5 19. dxe5 Qxe5 20. Re1 Qg7 21. Rxc6 0-0 22. Nc5 Bf5 23. g4 Rac8 24. Rxc8 Rxc8 25. gxf5 Rxc5 26. fxg6 Qxg6+ 27. Kh1 Kh7 28. Qf3 Nf6 29. Rxe7 Nbd5 30. Re1 a5 31. a4 Nb4 32. Rg1 Qe4 33. Qxe4+ Nxe4 34. Be3 Rf5 35. Kg2 Kg6 36. Rd1 h5 37. Rd4 Nc5 38. Rxb4 axb4 39. Bc2 Nxa4 40. Bxa4 Rd5 41. Bb3 Rd8 42. Bc4 Rc8 43. b3 f6 44. Bd2 Rb8 45. Kf3 Kf5 46. Bd3+ Ke6 47. Ke4 Rb7 48. Bc4+ 1-0

[Event "GBR-ch 100th"]
[Site "Torquay"]
[Date "2013.08.07"]
[Round "9"]
[White "Arkell, Keith C"]
[Black "Mackle, Dominic"]
[Result "1-0"]
[WhiteElo "2444"]
[BlackElo "2216"]
[PlyCount "57"]
[EventDate "2013.07.29"]
[EventType "swiss"]
[EventRounds "11"]
[EventCountry "ENG"]
[SourceTitle "CBM 155 Extra"]
[Source "ChessBase"]
[SourceDate "2013.08.26"]
[SourceVersion "1"]
[SourceVersionDate "2013.08.26"]
[SourceQuality "1"]

1. d4 d5 2. Nf3 Nf6 3. c4 c6 4. e3 a6 5. Be2 Bg4 6. 0-0 e6 7. h3 Bh5 8. b3 Bd6 9. Bb2 Ne4 10. Nbd2 Nxd2 11. Nxd2 Bxe2 12. Qxe2 f5 13. e4 fxe4 14. f3 e3 15. Qxe3 Qf6 16. Rae1 Kd7 17. f4 a5 18. Nf3 Na6 19. Ne5+ Bxe5 20. dxe5 Qe7 21. f5 Rhf8 22. fxe6+ Qxe6 23. Qb6 Rxf1+ 24. Rxf1 Rb8 25. Qxa5 dxc4 26. bxc4 Qxc4 27. e6+ Kxe6 28. Qe5+ Kd7 29. Rd1+ 1-0

[Event "GBR-ch 100th"]
[Site "Torquay"]
[Date "2013.08.03"]
[Round "6"]
[White "Mackle, Dominic"]
[Black "Lalic, Bogdan"]
[Result "1/2-1/2"]
[WhiteElo "2216"]
[BlackElo "2489"]
[PlyCount "38"]
[EventDate "2013.07.29"]
[EventType "swiss"]
[EventRounds "11"]
[EventCountry "ENG"]
[SourceTitle "CBM 155 Extra"]
[Source "ChessBase"]
[SourceDate "2013.08.26"]
[SourceVersion "1"]
[SourceVersionDate "2013.08.26"]
[SourceQuality "1"]

1. d4 Nf6 2. c4 g6 3. Nc3 d5 4. Nf3 Bg7 5. Bf4 0-0 6. e3 c5 7. dxc5 Qa5 8. Rc1 Ne4 9. Be5 Nxc3 10. Bxc3 Bxc3+ 11. Rxc3 Rd8 12. Qc1 Nc6 13. a3 Qxc5 14. cxd5 Qxd5 15. Rc5 Qd6 16. Be2 Bf5 17. 0-0 Qf6 18. Qc3 Qxc3 19. Rxc3 Rd6 1/2-1/2

[Event "GBR-ch 100th"]
[Site "Torquay"]
[Date "2013.07.30"]
[Round "2"]
[White "Gordon, Stephen J"]
[Black "Mackle, Dominic"]
[Result "1-0"]
[WhiteElo "2521"]
[BlackElo "2216"]
[PlyCount "89"]
[EventDate "2013.07.29"]
[EventType "swiss"]
[EventRounds "11"]
[EventCountry "ENG"]
[SourceTitle "CBM 155 Extra"]
[Source "ChessBase"]
[SourceDate "2013.08.26"]
[SourceVersion "1"]
[SourceVersionDate "2013.08.26"]
[SourceQuality "1"]

1. c4 e5 2. g3 Nf6 3. Bg2 h6 4. Nc3 Bb4 5. Qb3 a5 6. e3 0-0 7. Nge2 d6 8. 0-0 Nbd7 9. d4 Re8 10. Qc2 Bxc3 11. Nxc3 Nf8 12. Rd1 exd4 13. Rxd4 Ne6 14. Rd1 Nc5 15. b3 Bg4 16. f3 Be6 17. Ne2 Bd7 18. e4 Qe7 19. Bb2 Ne6 20. Qc3 Bc6 21. Rd2 b6 22. Re1 Rad8 23. a3 Ba8 24. Qc2 Nd7 25. Nc3 Qf8 26. Nd5 Bxd5 27. cxd5 Nec5 28. b4 axb4 29. axb4 Na6 30. Ra1 Nxb4 31. Qc3 Nxd5 32. Rxd5 Nc5 33. Bf1 Ra8 34. Bc4 Rxa1+ 35. Bxa1 Ne6 36. Rd2 Qe7 37. Bd5 c5 38. Qb3 Ng5 39. h4 Nh7 40. Qxb6 Nf6 41. Bc4 Ra8 42. Bb2 Ra4 43. Qb8+ Kh7 44. Qb3 Rb4 45. Qd3 1-0

[Event "Paignton op"]
[Site "Paignton"]
[Date "2012.09.03"]
[Round "2"]
[White "Mackle, Dominic"]
[Black "Webster, Richard J"]
[Result "1-0"]
[WhiteElo "2227"]
[BlackElo "1973"]
[PlyCount "47"]
[EventDate "2012.09.02"]
[EventType "swiss"]
[EventRounds "7"]
[EventCountry "ENG"]
[SourceTitle "CBM 150 Extra"]
[Source "ChessBase"]
[SourceDate "2012.10.19"]
[SourceVersion "1"]
[SourceVersionDate "2012.10.19"]
[SourceQuality "1"]

1. d4 e6 2. c4 Nf6 3. Nf3 b6 4. g3 Bb7 5. Bg2 Be7 6. 0-0 0-0 7. d5 Na6 8. Nc3 Bb4 9. Bd2 Re8 10. Nh4 e5 11. Nf5 d6 12. a3 Bxc3 13. Bxc3 Nc5 14. Qc2 Ncd7 15. b4 Bc8 16. e4 Kh8 17. f4 Ba6 18. Bb2 Rc8 19. Rac1 Ng4 20. h3 Ngf6 21. Qd2 g6 22. Nh6 Kg7 23. fxe5 Rxe5 24. g4 1-0

[Event "GBR-ch 99th"]
[Site "North Shields"]
[Date "2012.07.24"]
[Round "2"]
[White "Mackle, Dominic"]
[Black "Howell, David"]
[Result "0-1"]
[WhiteElo "2130"]
[BlackElo "2620"]
[PlyCount "48"]
[EventDate "2012.07.23"]
[EventType "swiss"]
[EventRounds "11"]
[EventCountry "ENG"]
[SourceTitle "CBM 149 Extra"]
[Source "ChessBase"]
[SourceDate "2012.08.24"]
[SourceVersion "1"]
[SourceVersionDate "2012.08.24"]
[SourceQuality "1"]

1. d4 g6 2. Nf3 Bg7 3. c4 d6 4. Nc3 c5 5. e3 cxd4 6. exd4 Bg4 7. Be2 Nc6 8. 0-0 Nh6 9. h3 Bxf3 10. Bxf3 Nf5 11. Bxc6+ bxc6 12. d5 0-0 13. Re1 Rc8 14. g4 Nd4 15. Bg5 Re8 16. Re4 c5 17. Qd3 Qd7 18. Rae1 e5 19. dxe6 fxe6 20. Ne2 d5 21. Re3 e5 22. cxd5 e4 23. Rxe4 Rxe4 24. Qxe4 Re8 0-1